|
|
|
|
| LEADER |
00000naa2a2200000 4500 |
| 001 |
453844 |
| 005 |
20231101084032.0 |
| 035 |
|
|
|a (RuTPU)RU\TPU\prd\116895
|
| 035 |
|
|
|a RU\TPU\tpu\6936
|
| 090 |
|
|
|a 453844
|
| 100 |
|
|
|a 20110823a1958 k y0rusy50 ca
|
| 101 |
0 |
|
|a rus
|
| 102 |
|
|
|a RU
|
| 200 |
1 |
|
|a Определение степени пластической деформации металла при резании
|f А. М. Розенберг, Г. Л. Куфарев
|
| 320 |
|
|
|a Библиогр.: 7 назв.
|
| 461 |
|
0 |
|0 (RuTPU)RU\TPU\prd\97
|t Вестник машиностроения
|o научно-технический и производственный журнал
|f Орган Министерства тяжелой промышленности
|d 1943-
|
| 463 |
|
0 |
|0 (RuTPU)RU\TPU\prd\116893
|t № 6
|v С. 49-52
|d 1958
|
| 610 |
1 |
|
|a машиностроение
|
| 610 |
1 |
|
|a труды учёных ТПУ
|
| 610 |
1 |
|
|a резание
|
| 610 |
1 |
|
|a металлы
|
| 610 |
1 |
|
|a обработка
|
| 700 |
|
1 |
|a Розенберг
|b А. М.
|c российский ученый в области металлообработки
|c преподаватель Томского политехнического института
|f 1902-1989
|g Александр Минеевич
|2 stltpush
|3 (RuTPU)RU\TPU\pers\5479
|
| 701 |
|
1 |
|a Куфарев
|b Г. Л.
|c российский ученый
|c ведущий специалист томской школы резания металлов
|c Заслуженный профессор Томского политехнического университета
|f 1927-1999
|g Георгий Леонидович
|2 stltpush
|3 (RuTPU)RU\TPU\pers\19830
|
| 801 |
|
0 |
|a RU
|b 63413507
|c 20011210
|g PSBO
|
| 801 |
|
2 |
|a RU
|b 63413507
|c 20180604
|g PSBO
|
| 942 |
|
|
|c BK
|